Southville International School and Colleges
Your cart is empty.
  • Cart
  • Lists
    Public lists Eva Luna New books Lux_list list_1
    Your lists Log in to create your own lists
  • Log in to your account
  • Your cookies
  • Search history
Southville International School and Colleges
  • Advanced search
  • Recent comments
  • Most popular
  • Libraries

Log in to your account

Log in with GOOGLE


If you do not have an external account, but do have a local account, you can still log in:

  1. Home
  2. MARC view: Leadership roles and management functions in nursing :
Normal view MARC view ISBD view

Leadership roles and management functions in nursing : (Record no. 357679)

[ view plain ]
MARC details
000 -LEADER
fixed length control field 00783nam a2200265Ia 4500
008 - FIXED-LENGTH DATA ELEMENTS--GENERAL INFORMATION
fixed length control field 180523s9999 xx 000 0 und d
020 ## - INTERNATIONAL STANDARD BOOK NUMBER
International Standard Book Number 0-7817-6785-7
050 ## - LIBRARY OF CONGRESS CALL NUMBER
Classification number MAIN RT 89
050 ## - LIBRARY OF CONGRESS CALL NUMBER
Item number .M37 2006
100 ## - MAIN ENTRY--PERSONAL NAME
Personal name Marquis, Bessie L.
245 #0 - TITLE STATEMENT
Title Leadership roles and management functions in nursing :
245 #0 - TITLE STATEMENT
Remainder of title theory and application /
245 #0 - TITLE STATEMENT
Statement of responsibility, etc Bessie L. Marquis, Carol J. Huston.
250 ## - EDITION STATEMENT
Edition statement 5th Edition
260 ## - PUBLICATION, DISTRIBUTION, ETC. (IMPRINT)
Place of publication, distribution, etc Philadelphia :
260 ## - PUBLICATION, DISTRIBUTION, ETC. (IMPRINT)
Name of publisher, distributor, etc Lippincott Williams & Wilkins,
260 ## - PUBLICATION, DISTRIBUTION, ETC. (IMPRINT)
Date of publication, distribution, etc 2006
300 ## - PHYSICAL DESCRIPTION
Extent 723 pages :
300 ## - PHYSICAL DESCRIPTION
Other physical details illustrations ;
300 ## - PHYSICAL DESCRIPTION
Dimensions 22 cm.
500 ## - GENERAL NOTE
General note Includes bibliographical references and index.
650 ## - SUBJECT ADDED ENTRY--TOPICAL TERM
Topical term or geographic name as entry element Leadership.
650 ## - SUBJECT ADDED ENTRY--TOPICAL TERM
Topical term or geographic name as entry element Nursing services -- Administration.
650 ## - SUBJECT ADDED ENTRY--TOPICAL TERM
General subdivision Nurse administrators.
Holdings
Withdrawn status Lost status Damaged status Home library Current library Shelving location Date acquired Total Checkouts Full call number Barcode Date last seen Price effective from Koha item type
      South Mansfield College South Mansfield College   09/21/2006   MAIN RT 89 .M37 2006 SMC03425 05/23/2018 05/23/2018  

Leadership roles and management functions in nursing :

APA

Marquis B. L., .Leadership roles and management functions in nursing. Philadelphia: .

Chicago

Marquis Bessie L, .Leadership roles and management functions in nursing. Philadelphia: .

Harvard

Marquis B. L., .Leadership roles and management functions in nursing. Philadelphia: .

MLA

Marquis Bessie L, .Philadelphia: . .

  • Place hold
  • Print
  • Cite
  • Add to your cart (remove)
  • Save record
    BIBTEX Dublin Core MARCXML MARC (non-Unicode/MARC-8) MARC (Unicode/UTF-8) MARC (Unicode/UTF-8, Standard) MODS (XML) RIS
  • More searches
    Search for this title in:
    Other Libraries (WorldCat) Other Databases (Google Scholar) Online Stores (Bookfinder.com) Open Library (openlibrary.org)

Exporting to Dublin Core...

SOUTHVILLE LIBRARY

Southville International School and Colleges Library

1281 Tropical Ave. Cor. Luxembourg St., BF Homes International, Las Pinas City

Tel. No. 8256374 / 252358 Loc. 117/146

Powered by Koha